[Event "Wood Green Invitational"]
[Site "Stafford"]
[Date "2023.07.18"]
[Round "9.3"]
[White "Waldhausen Gordon, Frederick"]
[Black "Rees, Ioan L"]
[Result "1/2-1/2"]
[WhiteElo "2325"]
[BlackElo "2293"]
[PlyCount "215"]
[EventDate "2023.07.14"]
[EventType "tourn"]
[EventRounds "9"]
[EventCountry "ENG"]

1. e4 e5 2. Nf3 Nc6 3. Bc4 Bc5 4. c3 Nf6 5. d4 exd4 6. cxd4 Bb4+ 7. Bd2 Nxe4 8.
Bxb4 Nxb4 9. Bxf7+ Kxf7 10. Qb3+ Kf8 11. Qxb4+ Qe7 12. Qxe7+ Kxe7 13. O-O Kd8
14. Re1 Nf6 15. Nc3 d6 16. Re3 Re8 17. Rae1 Rxe3 18. fxe3 Bg4 19. h3 Bxf3 20.
gxf3 Kd7 21. Kf2 Rf8 22. Rg1 g6 23. Rg5 c6 24. b4 Ne8 25. h4 Ng7 26. Ne4 Ne6
27. Rg1 Rf5 28. Ng5 Nxg5 29. hxg5 a5 30. a3 Ke6 31. e4 Rb5 32. bxa5 Rxa5 33.
Rb1 b5 34. Rc1 Kd7 35. Rc3 b4 36. axb4 Rxg5 37. Ra3 Rb5 38. Ra7+ Ke6 39. Rxh7
Rxb4 40. Rc7 Rxd4 41. Rxc6 Ra4 42. Rc7 Ra5 43. Kg3 Kf6 44. Rd7 Ke6 45. Rd8 Rb5
46. Kg4 Rb1 47. Rg8 Kf7 48. Rd8 Ke7 49. Rg8 Kf7 50. Rd8 Ke7 51. Ra8 Kf6 52. Ra6
Rg1+ 53. Kf4 Ke6 54. Ra5 Kf6 55. Rd5 g5+ 56. Ke3 Ke6 57. Kf2 Ra1 58. Rxg5 Ra2+
59. Ke3 Ra3+ 60. Kf4 Rb3 61. Rg6+ Ke7 62. Rh6 Ra3 63. Kg4 Ra4 64. Rh5 Ke6 65.
Rd5 Rb4 66. Kg5 Ra4 67. Rd3 Rb4 68. Re3 Rb8 69. Ra3 Rf8 70. Rb3 Ke5 71. Rb5+
Ke6 72. Kg4 Ra8 73. f4 Ra1 74. Rh5 Rg1+ 75. Kf3 Rf1+ 76. Kg3 Re1 77. Rh6+ Kd7
78. Kf3 Rf1+ 79. Kg4 Ra1 80. Kf5 Rf1 81. Rh7+ Kc6 82. Rf7 Kc5 83. Ke6 Kd4 84.
e5 dxe5 85. Rd7+ Ke4 86. fxe5 Ra1 87. Re7 Ra2 88. Re8 Ra1 89. Re7 Ra2 90. Kf7
Rf2+ 91. Ke8 Kd5 92. Kd7 Ra2 93. e6 Ra8 94. Rf7 Ra7+ 95. Kd8 Ra8+ 96. Ke7 Ke5
97. Kd7 Ra7+ 98. Ke8 Ra8+ 99. Ke7 Ra7+ 100. Kf8 Ra8+ 101. Ke7 Ra7+ 102. Ke8
Ra8+ 103. Kd7 Ra7+ 104. Kc8 Ra8+ 105. Kb7 Re8 106. e7 Ke6 107. Rf1 Rxe7+ 108.
Kc6 1/2-1/2

[Event "Wood Green Invitational"]
[Site "Stafford"]
[Date "2023.07.18"]
[Round "9.5"]
[White "Arakhamia-Grant, Ketevan"]
[Black "Sousa, Andre Ventura"]
[Result "0-1"]
[WhiteElo "2305"]
[BlackElo "2455"]
[PlyCount "80"]
[EventDate "2023.07.14"]
[EventType "tourn"]
[EventRounds "9"]
[EventCountry "ENG"]

1. e4 e5 2. Nf3 Nc6 3. Bc4 Nf6 4. d3 Bc5 5. c3 O-O 6. O-O d5 7. exd5 Nxd5 8. b4
Be7 9. b5 Na5 10. Nxe5 Bf6 11. Ng4 Nxc4 12. Nxf6+ Nxf6 13. dxc4 Be6 14. Na3 Qe7
15. Qf3 a6 16. Re1 Rfd8 17. Nc2 Qc5 18. Ba3 Qxc4 19. bxa6 Bd5 20. Qh3 Qa4 21.
Rac1 Re8 22. c4 Be6 23. Qg3 Qxa6 24. Bb2 Bxc4 25. Ne3 Bd3 26. Nd5 Nh5 27. Qxc7
Qb5 28. Ne7+ Kh8 29. Bd4 Qg5 30. g3 Qg4 31. Bc5 Be4 32. Rc4 f5 33. Rcxe4 fxe4
34. Qxb7 Nf6 35. Bd4 Rab8 36. Qc7 Qe6 37. Bc5 Rbd8 38. Qa5 Rd7 39. Rb1 Rdxe7
40. Bxe7 Qxe7 0-1